000 00984nam a2200277Ia 4500
003 OSt
005 20220930092708.0
006 a|||||r|||| 00| 0
007 ta
008 220926b |||||||| |||| 00| 0 eng d
024 _a23791
037 _cTheses
040 _aCRL
_cCRL
_beng
041 _2eng
_aeng
100 _aMada Siddharth
_9549496
110 _aUniversity OF Delhi. Faculty OF Medical Sciences. Department OF Ophthalmology
_9520086
245 0 _aSurgical outcome of limbal conjunctival autograft fixation using autologous blood in primary pterygium
260 _c2014
650 _aEYE - DISEASES
_9197938
700 _a Dr. Atul Murari Gu.
_9537126
700 _a Dr. OM Prakash Gu.
700 _a Dr. Rajesh Jain Gu.
_9536178
700 _aUniversity OF Delhi. Faculty OF Medical Sciences. Department OF Ophthalmology
_9520088
942 _cDIS
_2CC
999 _c884165
_d884165